000 00336 a2200157 4500
001 56482
020 _a8520902855
040 _cAnchieta - Pituba
100 _aCorrĂȘa, Silvia
240 1 0 _aUm mundo diferente
_lpor
245 1 0 _aUm mundo diferente
300 _a128
362 0 _a1991
650 4 _aLiteratura juvenil
942 _cBK
999 _c56482
_d56482